| 000 | 02737ngm a2200469 4500 | ||
|---|---|---|---|
| 003 | dpl | ||
| 005 | 2010031308078.0 | ||
| 007 | DVD | ||
| 008 | ||||||sp199 xxu|||||c ||| 00| 0 ng d | ||
| 010 | _aDVD-006587-6589 & DVD-007039-7041 | ||
| 024 |
_c49.00 _aSHE 361 F2 |
||
| 035 | _aDVD-006587-6589 | ||
| 035 | _aDVD-007039-7041 | ||
| 040 |
_aDPL _cDPL |
||
| 082 | _aDVD ASTI | ||
| 245 |
_aAstitva _cJhamu Sughand Presents _h[videorecording] VCD/ |
||
| 260 | _bShemaroo Home Entertainment | ||
| 300 |
_a2 videodisc VCD; _bsd., col. ; _c4 3/4 in. _fVCD |
||
| 440 | _aShemaroo Home Entertainment | ||
| 500 | _aMastered From The Original Film | ||
| 500 | _aThis Title in Completed with 2 Disc. Not to be sold individually. | ||
| 500 | _aFilm fare Award Winner: Critics Awards Best Actress- Tabu | ||
| 500 | _aScreen Video con Awards -Best Actress Tabu Best Story and Special Jury Award- Mahesh Manjerkar | ||
| 538 | _aDolby Digital 5.1 - Hindi Subtitles: English | ||
| 538 | _aNTSC Format-All Regions, 16x9 Anamorphic (2:23.1 Aspect Ratio), Dual Layer | ||
| 650 | _aMotion Picture | ||
| 700 | _aManjrekar, Mahesh | ||
| 700 | _aSughand, Jhamu | ||
| 700 | _aTabu | ||
| 700 | _aKhedekar, Sachin | ||
| 700 | _aShirodkar, Namrata | ||
| 700 | _aBehl, Monish | ||
| 942 |
_cCF _2ddc _hDVD _mASTI |
||
| 999 |
_c34643 _d34643 |
||